000 00357nam a22001097a 4500
008 230612b xxu||||| |||| 00| 0 eng d
082 _a354.676
_bGOK
245 _a2002/2003 Estimates of Recurrent Expenditure of the Government of Kenya for the Year Ending 30th June, 2003
260 _aNairobi,Kenya
_bGOK
_cJune, 2002
300 _aVIII,1011p
942 _2ddc
_cBK
999 _c1043
_d1043